00544nai a2200157Ia 4500003000900000008004100009022002300050022002200073040001600095245004600111260003400157310001700191362002500208521006900233856008400302IN-BaIIA211028c9999 xx s 000 0 eng d a2196-7350 (Online) a2196-7350 (Print) cIIA Library 0aAdvanced Materials Interfacesh[eJournal] aNew JerseybJohn Wiley & Sons aSemi-monthly a1(1); 2014 - Present bSubscribed through National Knowledge Resource Consortium (NKRC) uhttps://onlinelibrary.wiley.com/journal/21967350yClick Here to Access eJournal